Moderné digitálne nástroje menia komunikáciu
Od smart kamier cez smart police, smart regálové miesta až k digitálnej organizácii obchodu vedúcej k plne digitálnemu a automatizovanému obchodu. To bola v skratke náplň stretnutia odborníkov na digitálnu komunikáciu v retaile, ktoré pred časom usporiadala asociácia POPAI CE.
Enregistré dans:
| Auteur principal: | |
|---|---|
| Format: | Chapitre de livre |
| Langue: | slovaque |
| Sujets: | |
| Tags: |
Pas de tags, Soyez le premier à ajouter un tag!
|
MARC
| LEADER | 00000naa a2200000 4500 | ||
|---|---|---|---|
| 001 | 0288530 | ||
| 005 | 20240417075218.5 | ||
| 041 | 0 | |a slo | |
| 044 | |a CZ | ||
| 245 | 1 | 0 | |a Moderné digitálne nástroje menia komunikáciu |c Pavel Gregor |
| 520 | |a Od smart kamier cez smart police, smart regálové miesta až k digitálnej organizácii obchodu vedúcej k plne digitálnemu a automatizovanému obchodu. To bola v skratke náplň stretnutia odborníkov na digitálnu komunikáciu v retaile, ktoré pred časom usporiadala asociácia POPAI CE. | ||
| 610 | 2 | 0 | |a technológie informačné |
| 610 | 2 | 0 | |a technológie inteligentné |
| 610 | 2 | 0 | |a technológie komunikačné |
| 610 | 2 | 0 | |a technológie nové |
| 610 | 2 | 0 | |a komunikácia elektronická |
| 610 | 2 | 0 | |a retailing |
| 100 | 1 | |a Gregor, Pavel | |